000 00590cam a2200145 4500500
005 20251228093426.0
041 _afre
042 _adc
100 1 0 _aRegamey, Amandine
_eauthor
245 0 0 _aBruce ADAMS Tiny Revolutions in Russia Twentieth-Century Soviet and Russian History in Anecdotes New-York, LondresĀ : RoutledgeCurzon, 2005, 176p.
260 _c2005.
500 _a40
786 0 _nCahiers du monde russe | Vol 46 | 4 | 2005-11-01 | p. 859zc-990zc | 1252-6576
856 4 1 _uhttps://shs.cairn.info/revue-cahiers-du-monde-russe-2005-4-page-859zc?lang=fr&redirect-ssocas=7080
999 _c1604355
_d1604355